| 000 | 00559nam a2200169 a 4500 | ||
|---|---|---|---|
| 001 | 000048602 | ||
| 005 | 20201002061253.0 | ||
| 008 | 190402s2014 dr 000 m spa d | ||
| 020 | _a9789993439677 | ||
| 040 |
_aDO-SdBNP _bspa _cBNPHU |
||
| 082 |
_axxxx _bB142m |
||
| 100 | 1 |
_aBáez Melo, Juan Emilio _964861 |
|
| 245 | 1 | 0 |
_aMatanzas : _bpersonajes, historias y actividades económicas y sociales / _cJuan Emilio Báez Melo. |
| 260 |
_aSanto Domingo : _bEdiciones Librería la Trinidad, _c2014. |
||
| 300 |
_a178 p. ; _c21 cm. |
||
| 590 | _aInventariado, 2019/LP | ||
| 999 |
_c48090 _d48090 |
||